Statistics for Movies Set in London

Click here to take the quiz!

General Stats

  • This quiz has been taken 15,896 times
    (11,026 since last reset)
  • The average score is 10 of 18

Answer Stats

SummaryMovie% Correct
Flying nanny delights childrenMary Poppins
97%
Cruel woman wants to turn puppies into fur coatsOne Hundred and One
Dalmatians
97%
Pickpockets and orphans sing songsOliver!
83%
Diction coach must help a stammering monarchThe King's Speech
77%
Slightly overweight woman keeps a journal and has dating adventuresBridget Jones's Diary
71%
Musical barber kills his customers and turns them into meat piesSweeney Todd: The Demon
Barber of Fleet Street
66%
Everyone finds love at Christmastime, even the Prime MinisterLove Actually
65%
Brilliant, eccentric detective must stop the evil Lord BlackwoodSherlock Holmes
61%
Two London girls from different backgrounds win soccer scholarships
to an American college
Bend It Like Beckham
60%
In the future, people in Guy Fawkes masks stand up against totalitarian governmentV for Vendetta
55%
Ambassador adopts a nanny-killing devil child named DamienThe Omen
49%
In the future, ultraviolent droogs drink milk, commit crimes,
and listen to Ludwig Van
A Clockwork Orange
45%
Elocution instructor teaches a lower class girl to speak the Queen's EnglishMy Fair Lady
44%
A man awakens from a coma to find Britain devastated by a zombie virus28 Days Later
41%
Shallow man pretends to be a father to meet women, but eventually becomes
a father figure to a twelve year old boy
About a Boy
41%
British girl group has to get to their gig at Albert HallSpice World
35%
Rival magicians experiment with teleportationThe Prestige
31%
In the future, women cannot get pregnantChildren of Men
29%

Score Distribution

Percentile by Number Answered

Percent of People with Each Score

Your Score History

You have not taken this quiz since the last reset